West fisiopatología pulmonar fundamentos /
Spremljeno u:
| Glavni autor: | |
|---|---|
| Autor kompanije: | |
| Daljnji autori: | |
| Format: | Elektronički e-knjiga |
| Jezik: | španjolski |
| Izdano: |
Philadelphia :
Wolters Kluwer,
2017.
|
| Izdanje: | 9. ed. |
| Teme: | |
| Online pristup: | Authentication may be required: |
| Oznake: |
Dodaj oznaku
Bez oznaka, Budi prvi tko označuje ovaj zapis!
|
MARC
| LEADER | 00000nam a2200000 a 4500 | ||
|---|---|---|---|
| 001 | E000000255 | ||
| 003 | UtOrBLW | ||
| 005 | 20200317142342.0 | ||
| 006 | m d | ||
| 007 | cr | ||
| 008 | 200317s2017 pauad s 001 0 spa d | ||
| 020 | |a 9788417033033 | ||
| 035 | |a (UtOrBLW)bslw09850287 | ||
| 040 | |a UtOrBLW | ||
| 050 | 4 | |a RC732 |b .W47 2017 | |
| 060 | 4 | |a WF 600 |b W518w 2017 | |
| 100 | 1 | |a West, John B. | |
| 245 | 1 | 0 | |a West fisiopatología pulmonar |h [electronic resource] : |b fundamentos / |c John B. West, MD, PhD, distinguished professor of medicine and physiology, University of California, San Diego, School of Medicine, San Diego, California, Andrew M. Luks, MD, professor of medicine, University of Washington School of Medicine, Seattle, Washington. |
| 250 | |a 9. ed. | ||
| 260 | |a Philadelphia : |b Wolters Kluwer, |c 2017. | ||
| 300 | |a 264 p. : |b col. ill., charts ; |c cm | ||
| 500 | |a Includes index. | ||
| 533 | |a Electronic reproduction. |b New York, N.Y. : |c Ovid Technologies, Inc. |n Available via World Wide Web. | ||
| 650 | 1 | 2 | |a Lung Diseases |x physiopathology |
| 650 | 2 | 2 | |a Lung |x physiology |
| 650 | 0 | |a Lung |x Diseases. | |
| 650 | 0 | |a Lungs |x Physiology. | |
| 700 | 1 | |a Luks, Andrew M. | |
| 710 | 2 | |a Ovid Technologies, Inc. | |
| 856 | 4 | 0 | |a E-Books (Ovid) |z Authentication may be required: |u http://ovides.unach.elogim.com/Pages/book.aspx?isbn=9788417033033&XPATH=/PG(0) |